[Event "AZE-ch (Women)"]
[Site "Nakhchivan"]
[Date "2021.05.28"]
[Round "8"]
[White "Humbatova, Nazli"]
[Black "Allahverdiyeva, Ayan"]
[Result "0-1"]
[WhiteElo "1381"]
[BlackElo "2088"]
[PlyCount "54"]
[EventDate "2021.05.21"]
[EventType "tourn"]
[EventRounds "11"]
[EventCountry "AZE"]
[SourceTitle "CBM 202 Extra"]
[Source "ChessBase"]
[SourceDate "2021.07.31"]
[SourceVersion "1"]
[SourceVersionDate "2021.07.31"]
[SourceQuality "1"]

1. e4 c5 2. Nf3 e6 3. d4 cxd4 4. Nxd4 Nf6 5. Nc3 d6 6. g4 h6 7. h4 Nc6 8. Rg1 h5 9. gxh5 Nxh5 10. Bg5 Nf6 11. Qd2 Qb6 12. Nb3 a6 13. 0-0-0 Qc7 14. Kb1 b5 15. a3 Bb7 16. Be2 0-0-0 17. h5 Rd7 18. h6 Ne5 19. hxg7 Bxg7 20. Bf4 Ne8 21. a4 Nc4 22. Bxc4 Qxc4 23. e5 Bf3 24. Rde1 dxe5 25. Na5 Qxf4 26. Qxf4 exf4 27. Ne4 Bxe4 0-1

[Event "AZE-ch (Women)"]
[Site "Nakhchivan"]
[Date "2021.05.25"]
[Round "5"]
[White "Mammadova, Gulnar Marfat Qizi"]
[Black "Humbatova, Nazli"]
[Result "1-0"]
[WhiteElo "2382"]
[BlackElo "1381"]
[PlyCount "107"]
[EventDate "2021.05.21"]
[EventType "tourn"]
[EventRounds "11"]
[EventCountry "AZE"]
[SourceTitle "CBM 202 Extra"]
[Source "ChessBase"]
[SourceDate "2021.07.31"]
[SourceVersion "1"]
[SourceVersionDate "2021.07.31"]
[SourceQuality "1"]

1. e4 e6 2. c4 d5 3. exd5 exd5 4. d4 dxc4 5. Bxc4 Nc6 6. Ne2 Nf6 7. Nbc3 Be7 8. Bf4 Nh5 9. Be3 0-0 10. 0-0 b6 11. Bb3 Ba6 12. Bd5 Bb7 13. Bf3 Nf6 14. Ng3 Qd7 15. Rc1 Rad8 16. Nce2 Na5 17. Nf4 Ba6 18. Be2 Bxe2 19. Qxe2 Nc6 20. Rfd1 Bd6 21. Nd3 Bxg3 22. hxg3 Nxd4 23. Bxd4 Qxd4 24. Ne5 Qe4 25. Qxe4 Nxe4 26. Nd7 Rfe8 27. Rxc7 Nc5 28. Rxa7 f6 29. b4 Nxd7 30. Raxd7 Rxd7 31. Rxd7 Re1+ 32. Kh2 Re2 33. a4 Re4 34. b5 Rxa4 35. Rb7 Rb4 36. Rxb6 h5 37. f3 Kf7 38. Rb8 Ke6 39. b6 Kd7 40. Rb7+ Kc6 41. Rxg7 Rxb6 42. Rg6 Kd5 43. Rh6 Kd4 44. Rxh5 Ke3 45. Ra5 Kf2 46. Ra2+ Ke3 47. g4 Kf4 48. Ra5 Rc6 49. Rf5+ Ke3 50. Kg3 Rb6 51. g5 fxg5 52. Re5+ Kd4 53. Rxg5 Rf6 54. Kf2 1-0

[Event "AZE-ch (Women)"]
[Site "Nakhchivan"]
[Date "2021.05.22"]
[Round "2"]
[White "Humbatova, Nazli"]
[Black "Hajiyeva, Laman"]
[Result "1/2-1/2"]
[WhiteElo "1381"]
[BlackElo "1982"]
[PlyCount "100"]
[EventDate "2021.05.21"]
[EventType "tourn"]
[EventRounds "11"]
[EventCountry "AZE"]
[SourceTitle "CBM 202 Extra"]
[Source "ChessBase"]
[SourceDate "2021.07.31"]
[SourceVersion "1"]
[SourceVersionDate "2021.07.31"]
[SourceQuality "1"]

1. e4 c6 2. d4 d5 3. e5 Bf5 4. Bd3 Bxd3 5. Qxd3 e6 6. Bf4 Qa5+ 7. Nd2 c5 8. c3 cxd4 9. cxd4 Nc6 10. Ne2 Nb4 11. Qb3 Qa6 12. Be3 Rc8 13. Nc3 Nd3+ 14. Kd1 Bb4 15. Qa4+ Kd8 16. Qxa6 Nxb2+ 17. Ke2 bxa6 18. Nd1 Nc4 19. Rb1 a5 20. Nxc4 dxc4 21. a3 Bxa3 22. Bd2 Bb4 23. Bxb4 axb4 24. Rxb4 Ne7 25. Ne3 Nc6 26. Rxc4 Ke7 27. Rd1 Rhd8 28. f4 a5 29. d5 Nb4 30. d6+ Kd7 31. Rdc1 Rxc4 32. Nxc4 Nd5 33. Nxa5 Ra8 34. Nb7 Nxf4+ 35. Kf3 Nd5 36. Nc5+ Kd8 37. Rb1 Rc8 38. Ne4 h6 39. Rb7 f5 40. Ng3 Rc3+ 41. Kf2 Rc2+ 42. Ke1 g6 43. Rg7 Nf4 44. Rg8+ Kd7 45. Rg7+ Kd8 46. Rg8+ Kd7 47. Rg7+ Kc8 48. Rg8+ Kd7 49. Rg7+ Ke8 50. Rg8+ Kd7 1/2-1/2

[Event "Nizami Ganjavi 880 years U17"]
[Site "Tornelo INT"]
[Date "2021.04.04"]
[Round "8.11"]
[White "Humbatova, Nazli"]
[Black "Nadzamova, Viktoria"]
[Result "0-1"]
[WhiteElo "1381"]
[BlackElo "2014"]
[PlyCount "68"]
[EventDate "2021.04.02"]
[EventType "team-swiss (blitz)"]
[EventRounds "9"]
[EventCountry "AZE"]
[SourceTitle "EXT 2023"]
[Source "ChessBase"]
[SourceDate "2022.10.05"]
[SourceVersion "1"]
[SourceVersionDate "2022.10.05"]
[SourceQuality "1"]
[WhiteTeam "Nakhchivan"]
[BlackTeam "Slovakia"]
[WhiteTeamCountry "AZE"]
[BlackTeamCountry "SVK"]

1. e4 c5 2. Nf3 e6 3. d4 cxd4 4. Nxd4 a6 5. Nc3 Qc7 6. Be2 Bb4 7. Bd2 Nf6 8. f3 Nc6 9. Nxc6 bxc6 10. 0-0 Bc5+ 11. Kh1 0-0 12. Na4 Be7 13. Be3 Rb8 14. Rb1 d5 15. exd5 cxd5 16. c4 Rd8 17. c5 d4 18. Bf2 e5 19. f4 d3 20. Bh5 e4 21. f5 Qc6 22. Bg3 Rb7 23. b3 Nxh5 24. Qxh5 e3 25. Be5 Bf6 26. Bxf6 Qxf6 27. Rfe1 e2 28. Qf3 Re7 29. Rg1 d2 30. Nb2 e1Q 31. Rbxe1 Rxe1 32. Nd1 Qd4 33. Nf2 d1Q 34. Qxd1 Rxd1 0-1

[Event "Nizami Ganjavi 880 years U17"]
[Site "Tornelo INT"]
[Date "2021.04.02"]
[Round "2.11"]
[White "Hrebenshchykova, Yelyzaveta"]
[Black "Humbatova, Nazli"]
[Result "1-0"]
[WhiteElo "2058"]
[BlackElo "1381"]
[PlyCount "135"]
[EventDate "2021.04.02"]
[EventType "team-swiss (blitz)"]
[EventRounds "9"]
[EventCountry "AZE"]
[SourceTitle "EXT 2023"]
[Source "ChessBase"]
[SourceDate "2022.10.05"]
[SourceVersion "1"]
[SourceVersionDate "2022.10.05"]
[SourceQuality "1"]
[WhiteTeam "Ukraine"]
[BlackTeam "Nakhchivan"]
[WhiteTeamCountry "UKR"]
[BlackTeamCountry "AZE"]

1. e4 e6 2. d4 d5 3. Nc3 Nf6 4. Bg5 Bb4 5. e5 h6 6. Be3 Ne4 7. Qg4 Nxc3 8. Qxg7 Rf8 9. a3 Ba5 10. Bxh6 Ne4+ 11. b4 Nd7 12. bxa5 c5 13. Bd3 Qxa5+ 14. Kf1 Qc3 15. Rd1 Qxd4 16. Be3 Qxe5 17. Qxe5 Nxe5 18. Bxe4 dxe4 19. Bxc5 Rh8 20. Bd4 Rh5 21. Ne2 Ng4 22. h4 e5 23. Ng3 Rh6 24. Ba1 e3 25. f3 Nf2 26. Ke2 Nxd1 27. Rxd1 Rxh4 28. Bxe5 Rh2 29. Kxe3 Rxg2 30. Ne4 Be6 31. Nd6+ Ke7 32. c4 Rd8 33. c5 Ra2 34. Rc1 Rxa3+ 35. Kf2 Bd5 36. f4 f6 37. Nf5+ Ke6 38. Nd4+ Kf7 39. Bd6 Rh8 40. f5 Rh2+ 41. Bxh2 Ra2+ 42. Rc2 Ra4 43. Nb5 Kg7 44. Rd2 Be4 45. Nc3 Rc4 46. Nxe4 Rxe4 47. Rd7+ Kh6 48. Rxb7 Rc4 49. Bd6 a5 50. Ra7 a4 51. Ra6 Kg5 52. c6 Kxf5 53. c7 Ke6 54. Bg3+ Kf5 55. Ra8 Rc2+ 56. Ke1 a3 57. c8Q+ Rxc8 58. Rxc8 Kg4 59. Bd6 a2 60. Ra8 f5 61. Rxa2 f4 62. Ra4 Kh3 63. Rxf4 Kg2 64. Rf7 Kh1 65. Ba3 Kg1 66. Rg7+ Kh1 67. Kf2 Kh2 68. Rh7# 1-0

[Event "EU-ch Online U14 Girls"]
[Site "Tornelo INT"]
[Date "2020.09.18"]
[Round "1"]
[White "Zhou, Lepu Coco"]
[Black "Humbatova, Nazli"]
[Result "1-0"]
[WhiteElo "1728"]
[BlackElo "1388"]
[PlyCount "105"]
[EventDate "2020.09.18"]
[EventType "swiss (rapid)"]
[EventRounds "9"]
[EventCountry "NET"]
[SourceTitle "EXT 2023"]
[Source "ChessBase"]
[SourceDate "2022.10.05"]
[SourceVersion "1"]
[SourceVersionDate "2022.10.05"]
[SourceQuality "1"]
[WhiteTeam "Germany"]
[BlackTeam "Azerbaijan"]
[WhiteTeamCountry "GER"]
[BlackTeamCountry "AZE"]

1. e4 e6 2. d4 d5 3. Nc3 Bb4 4. e5 c5 5. a3 Bxc3+ 6. bxc3 Qa5 7. Bd2 Qa4 8. Nf3 c4 9. Be2 Nc6 10. 0-0 Nge7 11. Ne1 Bd7 12. f4 g6 13. g4 h6 14. Ng2 0-0-0 15. Nh4 Kb8 16. Be1 Ka8 17. Bg3 Rdg8 18. Qd2 Rg7 19. Rf2 Rgg8 20. Kh1 Rg7 21. h3 Rgg8 22. Rh2 Rh7 23. Ng2 h5 24. Bh4 b5 25. Bf6 hxg4 26. hxg4 Rxh2+ 27. Kxh2 a5 28. Qc1 Rb8 29. Ne3 Rb7 30. Nd1 b4 31. axb4 Qb5 32. Bxe7 Nxe7 33. Rxa5+ Qxa5 34. bxa5 Ra7 35. Qa3 Bc6 36. Bf1 Be8 37. Qd6 Rd7 38. Qa6+ Ra7 39. Qb6 Nc6 40. a6 Bd7 41. Nb2 Be8 42. Na4 Nb8 43. Nc5 Bc6 44. Bh3 Bd7 45. f5 gxf5 46. gxf5 Bc8 47. fxe6 fxe6 48. Bxe6 Rh7+ 49. Kg1 Rg7+ 50. Kf2 Bxe6 51. Nxe6 Rf7+ 52. Ke3 Ra7 53. Nc7+ 1-0